000 00830nam a22002897a 4500
001 BR2012009354
003 BR-BrBNA
005 20230928104109.0
007 ta
008 230509b bl.||||| |||| 00| 0 por d
040 _aBR-BrBNA
_bpor
_cBiblioteca Nacional de Agricultura
041 _a(Por)
072 _aU10
090 _ U10 BR2012009354
100 1 _aMorais, T.S.T. de
110 1 _aUniversidade Federal de Lavras, MG (Brasil)
_0Tese (Mestrado)
245 1 _aEstudo do nível médio do mar em diferentes oceanos
260 3 _aLavras, MG (Brasil):
_c2012.
300 _a109 p.
500 _aSummaries (Eng, Por); 50 illus.; 13 tables; 35 ref.
650 _aMAR
650 _aOCEANO
650 _aREGRESSÃO LINEAR
650 _aANÁLISE COMPARATIVA
909 _a202309
_bLucia
_c55
_dLucia Elande
942 _cBK
999 _c78108
_d78108